Gaming Quiz

Random Gaming or Mario Quiz
Score 0/40 Timer 05:00
10 Plays Today
Character % Correct
Mario
99.2%
Luigi
97.5%
Peach
94.5%
Bowser
92%
Yoshi
83.2%
Daisy
81.6%
Wario
81.3%
Toad
80.4%
Donkey Kong
79.9%
Waluigi
77.2%
Baby Mario
75.1%
Baby Luigi
73.5%
Koopa Troopa
71.1%
Bowser Jr.
71%
Baby Peach
69.9%
Link
65.3%
Baby Daisy
64%
Rosalina
62.7%
Dry Bones
62%
King Boo
57.5%
Character % Correct
Toadette
56.4%
Shy Guy
56.1%
Metal Mario
55.5%
Dry Bowser
50.6%
Pink Gold Peach
50.2%
Wendy O. Koopa
49%
Villager
48.9%
Ludwig von Koopa
47.9%
Baby Rosalina
47.3%
Inklings
46.9%
Roy Koopa
46.8%
Lemmy Koopa
46.6%
Iggy Koopa
46.5%
Morton Koopa Jr.
46.3%
Mii
44.8%
Larry Koopa
42.9%
Cat Peach
40.3%
Isabelle
39.5%
Tanooki Mario
39.3%
Lakitu
36.3%
Remove Ads.
Support Sporcle.
Get the best of Sporcle when you Go Orange. This ad-free experience offers more features, more stats, and more fun while also helping to support Sporcle. Thank you for becoming a member.

You're not logged in!

Compare scores with friends on all Sporcle quizzes.
OR
Log In

Show Comments

Extras

Top Quizzes Today


Score Distribution

Your Account Isn't Verified!

In order to create a playlist on Sporcle, you need to verify the email address you used during registration. Go to your Sporcle Settings to finish the process.

Report this User

Report this user for behavior that violates our Community Guidelines.

Details: